Cieľavedome a náročne Členka Predsedníctva ÚV KSS a predsedníčka ÚV SZŽ Elena Litvajová na celoslovenskom aktíve pracovníčok v poľnohospodárstve

Bibliographic Details
Main Author: Litvajová, Elena, 1924-1999 (Author)
Format: Article
Language:Slovak
Subjects:

MARC

LEADER 00000nab a2200000 a 4500
001 vtls000011915
003 SK-MaSNL
005 20260303021342.0
008 111103c1978 xo 0 slo
015 |a SNBRB19rr/mm-uuuuu 
035 |a CL0022009 
040 |a SNKBUCL  |b slo  |c SNKBUCL  |e AACR2 
041 0 |a slo 
044 |a xo  |c SK 
080 |a 329.71  |2 1981 
080 |a 631  |2 1981 
080 |a 663/665  |2 1981 
100 1 |a Litvajová, Elena,  |d 1924-1999  |4 aut  |9 48698 
245 1 0 |a Cieľavedome a náročne  |b Členka Predsedníctva ÚV KSS a predsedníčka ÚV SZŽ Elena Litvajová na celoslovenskom aktíve pracovníčok v poľnohospodárstve  |c Elena Litvajová 
610 2 7 |a Slovenský zväz žien  |2 snkbucl  |9 216480 
651 7 |a 5206  |2 snkbucl  |9 283253 
655 7 |a články z novín a časopisov  |2 snkbucl  |9 267496 
773 0 |t Funkcionárka  |g Č. 10 (1978), s. 4-5 
850 |a Slovenská národná knižnica v Martine  |a MTA001 
852 |a SNK  |b KIS3GCP 
958 |a RK 
992 |a RBX 
999 |c 1622813  |d 1624743